Statistics for Countries of the World: Unscramble them all!

Click here to take the quiz!

General Stats

  • This quiz has been taken 1,756 times
  • The average score is 103 of 196

Answer Stats

Text Country % Correct
abcuCuba
82%
aajnpJapan
79%
aaqrtQatar
79%
aaacdnCanada
78%
aamosSamoa
78%
achinChina
77%
acdhChad
76%
aalmtMalta
76%
aalpuPalau
75%
aaghnGhana
74%
alosLaos
74%
aaamnpPanama
74%
aaagpruyParaguay
74%
aiqrIraq
74%
aailmwMalawi
73%
aantuuvVanuatu
73%
abilyLibya
73%
aaabhmsBahamas
73%
ainrIran
73%
abbeimwzZimbabwe
72%
fiijFiji
72%
ailtyItaly
72%
adiinIndia
72%
ailmMali
72%
adnsuSudan
71%
beeilzBelize
71%
agruuuyUruguay
71%
gootTogo
71%
aabimzZambia
71%
epruPeru
71%
anorwyNorway
71%
egptyEgypt
71%
acefnrFrance
70%
ainpsSpain
70%
ahiitHaiti
70%
amnoOman
70%
kooosvKosovo
70%
aaafghinnstAfghanistan
70%
ekrtuyTurkey
70%
aaahkknstzKazakhstan
70%
ehiiilnpppsPhilippines
70%
cprsuyCyprus
70%
cehilChile
69%
airsySyria
69%
ceeegrGreece
69%
beinnBenin
69%
adfilnnFinland
68%
deenswSweden
68%
aaintwTaiwan
68%
aadnorrAndorra
68%
aaabeijnrzAzerbaijan
68%
aeknyKenya
68%
agnotTonga
68%
aaacijmJamaica
67%
abeimmoquzMozambique
67%
aelnpNepal
66%
acmnooMonaco
66%
abgnoGabon
66%
aegmnryGermany
65%
ccmooorMorocco
65%
aagnuyGuyana
65%
eginrNiger
65%
adjnorJordan
65%
eemnyYemen
65%
aailtvLatvia
65%
adlnopPoland
65%
altuuvTuvalu
64%
anruuNauru
64%
aailmosSomalia
64%
abelrsuBelarus
63%
bdiijotuDjibouti
63%
adlmoovMoldova
63%
abmruBurma
63%
begilmuBelgium
63%
airssuRussia
62%
abilrzBrazil
62%
abhntuBhutan
61%
cmooorsComoros
61%
abeiknstuzUzbekistan
61%
agknrstyyzKyrgyzstan
61%
aadnrwRwanda
61%
aeginuGuinea
61%
abiilovBolivia
60%
aabgimGambia
60%
aadilnswzSwaziland
60%
abeirsSerbia
60%
aaailmsyMalaysia
59%
aabnostwBotswana
59%
aaainntzTanzania
59%
aabbdorsBarbados
59%
aaiknpstPakistan
59%
aadgnuUganda
58%
aaimnorRomania
58%
ceimoxMexico
58%
aaaacdgmrsMadagascar
58%
aiktuwKuwait
58%
agloprtuPortugal
58%
beglmoruuxLuxembourg
57%
aaiklosvSlovakia
57%
aabiimnNamibia
57%
aaiijknsttTajikistan
57%
aaglnoAngola
56%
abeiilrLiberia
56%
aabhinrBahrain
56%
adeilnrstwzSwitzerland
55%
aadegnrGrenada
55%
abiiikrtKiribati
55%
aaegilrAlgeria
55%
aeginoprsSingapore
54%
aehiioptEthiopia
54%
aeggiorGeorgia
54%
aegiinrNigeria
53%
agilmnooMongolia
52%
aghnruyHungary
52%
aeeelnuvzVenezuela
52%
bdinruuBurundi
51%
aaabilnAlbania
51%
aeeglnsSenegal
50%
acemnoorCameroon
50%
adekmnrDenmark
49%
aaacginruNicaragua
49%
aeilrsIsrael
49%
aadhilntThailand
48%
aeilnosvSlovenia
48%
aabcdimoCambodia
47%
aeimntvVietnam
46%
abelnnoLebanon
46%
aeeirrtEritrea
46%
adeilnrIreland
45%
aabdeghlnsBangladesh
45%
aadeelnnwzNew Zealand
45%
beinruBrunei
45%
aabgilruBulgaria
44%
aacdeimnoMacedonia
44%
adhnorsuHonduras
43%
aeiknruUkraine
43%
aaeimnrArmenia
41%
abcilmooColombia
41%
acdeilnIceland
41%
aaciortCroatia
41%
ehloostLesotho
41%
aaaeglmtuGuatemala
41%
ceeehllssySeychelles
40%
aaaiimnrtuMauritania
39%
aiinstuTunisia
39%
aaailrstuAustralia
39%
aaaaabbddginnrtuuAntigua and Barbuda
37%
aeinostEstonia
37%
adeilmsvMaldives
37%
aacciinttvyVatican City
36%
aaeginnrtArgentina
36%
aairstuAustria
36%
eegmnnoortMontenegro
35%
aaiklnrsSri Lanka
34%
aaaeeginnppuuwPapua New Guinea
33%
acdiimnoDominica
33%
acdeoruEcuador
33%
aeimnrsuSuriname
32%
aiimrstuuMauritius
31%
aaaabdiirsuSaudi Arabia
31%
aeikmnnrsttuTurkmenistan
30%
aabfiknorsuBurkina Faso
30%
aabegiinssuuGuinea-Bissau
30%
acdeeeprvCape Verde
30%
ceeehiilnnsttLiechtenstein
29%
aaaeegiilnoqrtuuEquatorial Guinea
29%
aahiilntuLithuania
29%
adillmnnooosssSolomon Islands
29%
aaabdeeghi innnoorsvzBosnia and Herzegovina
29%
abccccdeeefghi ilmnooooprrttuDemocratic Republic of the Congo
28%
aaacddeeeeghii innnnnnrsstttvSaint Vincent and the Grenadines
28%
aehknoorrtNorth Korea
28%
aaadhilllmnrsssMarshall Islands
27%
aadeiiiknnnssstttvSaint Kitts and Nevis
27%
aaabdddgiinnoorttTrinidad and Tobago
27%
adeehlnnrstNetherlands
27%
aacciorstCosta Rica
27%
aaimnnorsSan Marino
27%
aaacddeeeeeffi imnoorrssstttFederated States of Micronesia
26%
aehkoorstuSouth Korea
26%
adeiinnosIndonesia
25%
aaabccceefiillnnprrrtuCentral African Republic
23%
adhnosstuuSouth Sudan
23%
bccceehilpruzCzech Republic
22%
aadellorsvEl Salvador
22%
adeeinsstttuUnited States
22%
ddegiikmnnotuUnited Kingdom
21%
aeeeilnorrsSierra Leone
21%
aaabdeeeiimnrrsttuUnited Arab Emirates
21%
aacfhiorstuSouth Africa
20%
abccdeiiilmnnopruDominican Republic
20%
aaciilnstuSaint Lucia
20%
aacdeeiimnnoopprstSao Tome and Principe
17%
cdeeiioortvCote d'Ivoire
17%
aeimorsttEast Timor
17%
bcceefghi lnoooprtuRepublic of the Congo
15%

Score Distribution

Percentile by Number Answered

Percent of People with Each Score

Your Score History

You have not taken this quiz